| 000 | 00406pab a2200169 454500 | ||
|---|---|---|---|
| 008 | 180718b2009 xxu||||| |||| 00| 0 eng d | ||
| 100 | _aReddy, Sanjay | ||
| 245 | _aReal income stagnation of countries 1960-2001 | ||
| 260 | _c2009 | ||
| 300 | _ap.1-23. | ||
| 362 | _aJan | ||
| 650 | _aIncome | ||
| 700 | _aMinoiu, Camelia | ||
| 773 | _aJournal of Development Studies | ||
| 908 | _aN | ||
| 909 | _a82692 | ||
| 999 |
_c82692 _d82692 |
||